| 000 | 00646nam a2200205 a 4500 | ||
|---|---|---|---|
| 001 | 000006302 | ||
| 005 | 20200929153918.0 | ||
| 008 | 820428s1980 cu 000 p spa | ||
| 040 |
_aDO-SdBNP _bSpa _cBNPHU |
||
| 082 |
_aCu861.42 _bA921p |
||
| 100 | 1 |
_aAugier, Ángel I., _d1910- _99779 |
|
| 245 | 1 | 0 |
_aPoesía 1928-1978 / _cÁngel Augier. |
| 260 |
_aLa Habana : _bUnión de Escritores y Artistas de Cuba, _c1980. |
||
| 300 |
_a338 p. ; _c19 cm. |
||
| 490 | 0 | _aBolsilibros Unión. | |
| 500 | _aIncluye datos biografícos del autor. | ||
| 650 | 4 |
_aPoesía cubana _95226 |
|
| 650 | 4 |
_aLiteratura cubana _91483 |
|
| 830 | 0 |
_aBolsilibros Unión. _917281 |
|
| 999 |
_c6097 _d6097 |
||